00708cam a22002171a 4500001001300000003000400013005001700017008004100034010001700075035002000092040005300112042001200165050001700177100003400194245007800228260008100306300002000387490004900407650001700456999001700473ne 63001817 DLC20260227111750.0920106q19601969ua 000 0 ara c ane 63001817  a(OCoLC)25053806 aPrinceton Univ. Libr. for DLCcMWalBdMWalBdDLC apremarc00aHD2961b.U451 aʻUmar, Maḥmūd Fatḥī.13aal-Ḥarakah al-taʻāwunīyah /cbi-qalam Maḥmūd Fatḥī ʻUmar. a[al-Qāhirah :bal-Dār al-Qawmīyah lil-Ṭibāʻah wa-al-Nashr,c196-] a66 p. ;c19 cm.0 aIkhtaranā lil-filāl wa-al-ʻāmil ;v33 0aCooperation. c46236d46236